MODULOVÉ VZDELÁVANIE

Bibliographic Details
Main Author: Barta, Ervín (Author)
Format: Article
Language:Slovak

MARC

LEADER 00000nab a2200000 a 4500
001 vtls010704693
003 SK-MaSNL
005 20260304192444.0
008 250709s2003 xo |||||||||||||||||slo|
035 |a (urnnbn)urn:nbn:sk:snk:ar-a03yfz 
035 |a (uuid)4c05bd42-3d1b-4f55-b35c-dfb50ffaf6ac 
035 |a urn:nbn:sk:snk-ab39ew 
040 |a SNKBUCL  |b slo  |c SNKBUCL  |e AACR2 
041 0 |a slo 
044 |a xo  |c SK 
100 1 |a Barta, Ervín  |4 aut  |9 161907 
245 1 0 |a MODULOVÉ VZDELÁVANIE  |c Ervín Barta 
773 0 |t Normalizácia : odborný časopis pre technickú normalizáciu  |g Roč. 9, č. 2 (2003), s. 8-10 
850 |a Slovenská národná knižnica 
852 |a Slovenská národná knižnica 
954 |a odborná, vedecká literatúra pôvodná (slovenská)  |2 lita 
958 |a article1 
958 |a OND 
958 |a EUIPO 
999 |c 3062011  |d 3063941